00713nam a22001937a 4500003000500000005001700005008004100022010001100063011001100074035001100085040000900096100004100105245017400146260003600320300003500356502007800391650003100469650001900500CHAP20220329143902.0120529s2009 mx a r 00010 spa d a103252 a104224 a114914 cCHAP1 aMárquez Sánchez, Luis Francisco.10aAplicación de la somatotropina bovina recombinante (stbr) bajo dos frecuencias en un sistema semi-intensivo del trópico secoc/por Luis Francisco Márquez Sánchez aCocula, Gro. :bEl autor,c2009 a33 h. :bil., cuadros, gráf. aTesis (Ing. Agr. Zootecnista) -- CSAEGRO Centro de Estudios Profesionales04aGanado HolsteinxGuerrero.04aSomatotropina.